000 00988nam a2200313Ia 4500
003 OSt
005 20221007122356.0
006 a|||||r|||| 00| 0
007 ta
008 221006b |||||||| |||| 00| 0 eng d
020 _a9789812771421 (pbk)
024 _a84143
037 _b212, 18/12/2008, Dhanraj Book House
_cTextbook
040 _aPAPL
_cPAPL
_beng
041 _2eng
_aeng
082 _aB27ObC, P7 Carpa
100 _aMa Zhong-Qi
_9473417
245 0 _aGroup theory for physicists
260 _aNew
_bJersey World Scientific
_c2007
300 _axx, 491p.
_ccm.
500 _a''Bibliography 481-485p''.; ''Index 487-491p''.
650 _a Group theory
_9440733
650 _a Linear algebras
_9714142
650 _a Mathematical physics
_9463933
650 _a Subsets in a group
_9714143
650 _aPhysics
942 _hB27ObC, P7 Carpa
_cTB
_2CC
999 _c1210235
_d1210235